000 01014nam a2200265 a 4500
001 000016186
003 DO-SdBNP
005 20260317092028.0
008 100301t1990 dr a r 000 0 spa d
040 _aDO-SdBNP
_bspa
_cBNPHU
082 _a347.0750378
_bL817h
100 1 _aLockward Pérez, Jorge Alfonso,
_d1937-2001
_92059
245 1 0 _aHonorables magistrados /
_cAlfonso Lockwad.
260 _aSanto Domingo :
_bAmigo del Hogar,
_c1990?
300 _a224 p. :
_bil. ;
_c28 cm.
504 _aIncluye referencias bibliográficas y notas al pie de páginas.
590 _aInventariado, 2018/BT
610 2 4 _aCentro de Estudios Técnicos (Universidad CETEC)
_936212
650 4 _aConflictos universitarios
_zRepública Dominicana
_936213
650 0 _aUniversidades
_xPrácticas corruptas
_985564
650 0 _aDefensa (Procedimiento civil)
_936215
651 4 _aEducacion Superior
_zRepública Dominicana
_xColecciones de escritos
_936216
910 _aValidado. Control de calidad. EMS
942 _2ddc
_cLBS1
999 _c15725
_d15725